000 00711nam a2200289Ia 4500
005 20260324123759.0
008 008 260324s9999 xx 000 0 eng d
020 _a9780429244902
037 _aEBOOK
040 _aCRL
040 _beng
040 _cCRL
041 _2eng
041 _aeng
084 _qCRL
100 _aMaria K. Todd
_91157705
245 0 _aHandbook of Medical Tourism Program Development
245 0 _bDeveloping Globally Integrated Health Systems
260 _bTaylor and Francis
260 _c2011
365 _a
365 _b240
856 _uhttp://www.taylorfrancis.com/books/9780429244902
942 _cEBOOK
999 _c1765437
_d1765437